Central Library OPAC University of Rajshahi

The Dominican Republic : (Record no. 40714)

MARC details
000 -LEADER
fixed length control field 00743nam a2200241 a 4500
001 - CONTROL NUMBER
control field 40714
003 - CONTROL NUMBER IDENTIFIER
rucl marc code (BD-RjUL)
005 - DATE AND TIME OF LATEST TRANSACTION
control field 20211209053253.0
008 - FIXED-LENGTH DATA ELEMENTS--GENERAL INFORMATION
fixed length control field 160509s1969 enkabcf b 001 0 eng
020 ## - INTERNATIONAL STANDARD BOOK NUMBER
International Standard Book Number 0269671145
035 ## - SYSTEM CONTROL NUMBER
System control number (BD-RjUL) 40829
040 ## - CATALOGING SOURCE
Original cataloging agency DLC
Transcribing agency DLC
Modifying agency UKM
-- EQO
-- (BD-RjUL)
Language of cataloging eng
041 ## - LANGUAGE CODE
Language code of text/sound track or separate title eng
082 ## - DEWEY DECIMAL CLASSIFICATION NUMBER
Classification number 972.93
Edition number 23
Author mark and year WID 1969
100 1# - MAIN ENTRY--PERSONAL NAME
Personal name Wiarda, Howard J.,
Dates associated with a name 1939-
9 (RLIN) 125267
245 04 - TITLE STATEMENT
Title The Dominican Republic :
Remainder of title nation in transition /
Statement of responsibility, etc. [by] Howard J. Wiarda.
260 ## - PUBLICATION, DISTRIBUTION, ETC. (IMPRINT)
Place of publication, distribution, etc. London :
Name of publisher, distributor, etc. Pall Mall P.,
Date of publication, distribution, etc. 1969
300 ## - PHYSICAL DESCRIPTION
Pagination ix, 249 p. :
Illustrations 8 plates, illus., 2 maps, ports. ;
Size 22 cm.
500 ## - GENERAL NOTE
General note Includes index
504 ## - BIBLIOGRAPHY, ETC. NOTE
Bibliography, etc Bibliography: p. 235-237.
651 #0 - SUBJECT ADDED ENTRY--GEOGRAPHIC NAME
Geographic name Dominican Republic.
9 (RLIN) 125268
942 ## - ADDED ENTRY ELEMENTS (KOHA)
Source of classification or shelving scheme Dewey Decimal Classification
Koha item type Books
Holdings
Lost status Source of classification or shelving scheme Damaged status Not for loan Collection code Permanent Location Current Location Shelving location Date acquired Source of acquisition Cost, normal purchase price Total Checkouts Full call number Date last seen Copy number Koha item type
  Dewey Decimal Classification   Not For Loan Non-fiction Central Library, University of Rajshahi Central Library, University of Rajshahi Reading Room 02/07/1970 Zeithinger 14.00   972.93 WID 1969 09/05/2016 C-1 Books